| 000 | 00478nam a2200193 a 4500 | ||
|---|---|---|---|
| 005 | 20210219152945.0 | ||
| 008 | 991125n 000 0 u | ||
| 035 | _aUPN01000068752 | ||
| 100 | _aTOYNBEE, Arnold J. | ||
| 222 | _aREVISTA SEP | ||
| 245 | _aConclusión sobre educación | ||
| 300 | _a25-28 | ||
| 362 | _a1974 Año 3, no. 9, nov. | ||
| 653 | 0 | _aCULTURA | |
| 653 | 0 | _aDESARROLLO EDUCATIVO | |
| 653 | 0 | _aEDUCACION | |
| 904 |
_aAC _b006563 |
||
| 905 | _aArticulo | ||
| 999 |
_c64704 _d64704 |
||